le réalisme - Statistiques

Statistiques générales
  • Ce quiz a été pris 8 fois
  • Le résultat moyen est 5 sur 16
Statistiques - réponses
Hint Réponse % Correct
Balzac
71%
Flaubert
71%
auteurs Stendhal
71%
descriptions
57%
année milieu-fin 19ème
43%
démarche d'observation scientifique
14%
écriture à la 3ème personne
14%
faits divers
14%
influence du milieu sur l'individu
14%
la ville
14%
liens avec le contexte
14%
misères sociales
14%
thèmes moeurs d'une époque
14%
principes reproduction fidèle de la réalité
14%
procédés souci d'objectivité
14%
romancier = savant
0%
Aucun quiz correspondant
Distribution des résultats
% des personnes avec chaque résultat
Percentile par nombre de réponses
Votre historique - résultats
Vous n’avez pas pris ce quiz